Rebelión en la granja / (Registro nro. 788)
[ vista simple ]
| 000 -LEADER | |
|---|---|
| fixed length control field | 01180nam a22002417a 4500 |
| 003 - CONTROL NUMBER IDENTIFIER | |
| control field | OSt |
| 005 - DATE AND TIME OF LATEST TRANSACTION | |
| control field | 20251127090648.0 |
| 008 - FIXED-LENGTH DATA ELEMENTS--GENERAL INFORMATION | |
| fixed length control field | 251127t2022 sp a||||r|||| 00| f spa d |
| 020 ## - INTERNATIONAL STANDARD BOOK NUMBER | |
| International Standard Book Number | 978-84-18933-39-4 |
| 040 ## - CATALOGING SOURCE | |
| Transcribing agency | AR-RoUNCS |
| Original cataloging agency | AR-RoUNCS |
| 080 ## - UNIVERSAL DECIMAL CLASSIFICATION NUMBER | |
| Authority record control number or standard number | 82-32(410.1) |
| 100 1# - MAIN ENTRY--PERSONAL NAME | |
| Personal name | Orwell, George, |
| Dates associated with a name | 1903-1950 |
| Relator term | autor |
| 245 10 - TITLE STATEMENT | |
| Title | Rebelión en la granja / |
| Statement of responsibility, etc. | George Orwell ; traducción de Ana Mata Buil ; ilustrado por Riki Blanco. |
| 260 ## - PUBLICATION, DISTRIBUTION, ETC. | |
| Place of publication, distribution, etc. | Barcelona : |
| Name of publisher, distributor, etc. | Editorial Alma |
| Date of publication, distribution, etc. | 2022. |
| 300 ## - PHYSICAL DESCRIPTION | |
| Extent | 118 p. : |
| Other physical details | il. col ; |
| Dimensions | 18 cm. |
| 490 0# - SERIES STATEMENT | |
| Series statement | Alma Clásicos Ilustrados |
| 520 3# - SUMMARY, ETC. | |
| Summary, etc. | En las palabras de George Orwell, rebelión en la Granja es la historia de una revolución que sale mal. La corrupción, el abuso de poder, la manipulación de la verdad y el culto al líder acaban con los sueños de libertad, igualdad y justicia de los habitantes de la Granja de los Animales. Hasta los ideales más nobles pueden pervertirse y degenerar en una parodia de aquello contra lo que se luchaba. |
| 650 #7 - SUBJECT ADDED ENTRY--TOPICAL TERM | |
| Topical term or geographic name entry element | Literatura inglesa |
| Chronological subdivision | Siglo XX |
| Source of heading or term | embne |
| 655 #7 - INDEX TERM--GENRE/FORM | |
| Genre/form data or focus term | Novelas cortas |
| Source of term | embne |
| 700 1# - ADDED ENTRY--PERSONAL NAME | |
| Personal name | Buil, Ana Mata, |
| Relator term | traductor |
| 700 1# - ADDED ENTRY--PERSONAL NAME | |
| Personal name | Blanco, Riki, |
| Relator term | ilustrador |
| 942 ## - ADDED ENTRY ELEMENTS (KOHA) | |
| Source of classification or shelving scheme | Universal Decimal Classification |
| Koha item type | Libro de préstamo a domicilio |
| Suppress in OPAC | No |
| Withdrawn status | Lost status | Source of classification or shelving scheme | Damaged status | Not for loan | Collection | Home library | Current library | Date acquired | Source of acquisition | Total checkouts | Full call number | Barcode | Date last seen | Date last checked out | Price effective from | Koha item type |
|---|---|---|---|---|---|---|---|---|---|---|---|---|---|---|---|---|
| Universal Decimal Classification | Colección General | Biblioteca Escuela de Ciencias Sociales | Biblioteca Escuela de Ciencias Sociales | 27/11/2025 | Compra 2025 | 2 | 82-32(410.1) OR79 | 001497 | 01/06/2026 | 07/05/2026 | 27/11/2025 | Libro de préstamo a domicilio |